| 000 | 00905nam a2200277Ia 4500 | ||
|---|---|---|---|
| 003 | OSt | ||
| 005 | 20220918170553.0 | ||
| 006 | a|||||r|||| 00| 0 | ||
| 007 | ta | ||
| 008 | 220917b |||||||| |||| 00| 0 eng d | ||
| 020 |
_a9780405101768 (hbk) _c2357.13 |
||
| 024 | _a239,851 | ||
| 037 |
_b09-06446, 30/10/2009, Atlantic Publisher & Dist.Pvt.Ltd. _cTextual |
||
| 040 |
_aARTS _cARTS _beng |
||
| 041 |
_2eng _aeng |
||
| 082 | _aR3xM891:g, P5.1,1 | ||
| 100 |
_aBaker G. P. _929857 |
||
| 245 | 0 |
_aWittgenstein _b Understanding and meaning |
|
| 260 |
_aMalden _bBlackwell Publisher USA _c2005 |
||
| 300 |
_axxiv,394p. _ccm. |
||
| 490 | _vVol.1, Part 1 | ||
| 650 | _aPHILOSOPHY | ||
| 700 |
_a Hacker P. M. S. _928853 |
||
| 942 |
_hR3xM891:g, P5.1,1 _cTEXL _2CC |
||
| 999 |
_c134715 _d134715 |
||